000 00365 a2200145 4500
001 163587
020 _a
040 _cMagnum
100 _aMurad, Jose Elias
240 1 0 _aComo manter o seu(sua) filho(a) longe das drogas
_lpor
245 1 0 _aComo manter o seu(sua) filho(a) longe das drogas
362 0 _a1899
697 _aCIENCIAS MEDICAS SAUDE
942 _cBK
999 _c163587
_d163587